LEADER 01482oam 2200433 450 001 9910706253903321 005 20190520093323.0 035 $a(CKB)5470000002455898 035 $a(OCoLC)682102283$z(OCoLC)647531702$z(OCoLC)652361580 035 $a(EXLCZ)995470000002455898 100 $a20101117d2008 ua 0 101 0 $aeng 135 $aurbn||||a|||| 181 $ctxt$2rdacontent 182 $cc$2rdamedia 183 $acr$2rdacarrier 200 10$aGlobal health $ehearing before a subcommittee of the Committee on Appropriations, United States Senate; One Hundred Tenth Congress, first session; special hearing; May 2, 2007--Washington, DC 210 1$aWashington :$cU.S. Government Printing Office,$d2008. 215 $a1 online resource (iii, 43 pages) 225 1 $aS. hrg. ;$v110-443 517 $aGlobal health 606 $aWorld health$xAppropriations and expenditures 606 $aPublic health$xInternational cooperation$xAppropriations and expenditures 608 $aLegislative hearings.$2lcgft 615 0$aWorld health$xAppropriations and expenditures. 615 0$aPublic health$xInternational cooperation$xAppropriations and expenditures. 801 0$bOCLCE 801 1$bOCLCE 801 2$bOCLCQ 801 2$bOCLCF 801 2$bOCLCQ 801 2$bOCLCO 801 2$bOCLCQ 801 2$bCWCLL 801 2$bGPO 906 $aBOOK 912 $a9910706253903321 996 $aGlobal health$91946017 997 $aUNINA